Elenca la formazione - Quiz n°71 - Statistics

Statistiche generali
  • Questo quiz è stato fatto 41 volte
  • Il punteggio medio è 6 su 11
Statistiche sulle risposte
Ruolo Nazione Calciatore % Corretto
Attaccante Norvegia Erling Haaland
94%
Centrocampista Stati Uniti Giovanni Reyna
85%
Attaccante Germania Marco Reus
85%
Centrocampista Inghilterra Jude Bellingham
82%
Portiere Svizzera Gregor Kobel
76%
Difensore Svizzera Manuel Akanji
73%
Difensore Belgio Axel Witsel
42%
Difensore Germania Nico Schulz
27%
Centrocampista Germania Mahmoud Dahoud
24%
Difensore Germania Felix Passlack
6%
Attaccante Germania Youssoufa Moukoko
6%
Nessun quiz corrispondente trovato
Distribuzione punteggi
Percentuale di utenti per punteggio
Percentile per numero di risposta
I tuoi punteggi nel tempo
Non hai fatto questo quiz